Late payment law gets earlier introduction (Record no. 70386)
[ view plain ]
| 000 -LEADER | |
|---|---|
| fixed length control field | 01185cam a2200241 4500 |
| 001 - CONTROL NUMBER | |
| control field | WB3820-07 |
| 008 - FIXED-LENGTH DATA ELEMENTS--GENERAL INFORMATION | |
| fixed length control field | 020529n2002 000 0 eng u |
| 035 ## - SYSTEM CONTROL NUMBER | |
| System control number | (Sirsi) u118203 |
| 245 ## - TITLE STATEMENT | |
| Title | Late payment law gets earlier introduction |
| 260 ## - PUBLICATION, DISTRIBUTION, ETC. | |
| Date of publication, distribution, etc. | 2002 |
| 490 ## - SERIES STATEMENT | |
| Series statement | RICS Faculty News |
| Volume/sequential designation | 23 May 2002 (1) |
| 520 ## - SUMMARY, ETC. | |
| Summary, etc. | The amended Late Payment Act comes into force on 7 August 2002, implementing a series of new regulations. The act is designed to speed up the process of payment to architects. The new legislation was produced after consultation carried out last year in response to a European Directive on combating late payment in commercial transactions. Further guidance about the new late payment arrangements can be found on at the Better Payment Practice Group's website www.payontime.co.uk; http://www.rics.org/ricscms/bin/show?class=News&template=/includes/shownews.html&id=2618 |
| 590 ## - LOCAL NOTE (RLIN) | |
| Local note | WB |
| 650 ## - SUBJECT ADDED ENTRY--TOPICAL TERM | |
| Topical term or geographic name entry element | EUROPEAN UNION |
| 650 ## - SUBJECT ADDED ENTRY--TOPICAL TERM | |
| Topical term or geographic name entry element | COMMERCIAL TRANSACTIONS |
| 650 ## - SUBJECT ADDED ENTRY--TOPICAL TERM | |
| Topical term or geographic name entry element | SMES |
| 650 ## - SUBJECT ADDED ENTRY--TOPICAL TERM | |
| Topical term or geographic name entry element | ARCHITECTS |
| 650 ## - SUBJECT ADDED ENTRY--TOPICAL TERM | |
| Topical term or geographic name entry element | SMALL BUSINESSES |
| 650 ## - SUBJECT ADDED ENTRY--TOPICAL TERM | |
| Topical term or geographic name entry element | LATE PAYMENTS DIRECTIVE |
| 650 ## - SUBJECT ADDED ENTRY--TOPICAL TERM | |
| Topical term or geographic name entry element | COMPENSATION |
| 690 ## - LOCAL SUBJECT ADDED ENTRY--TOPICAL TERM (OCLC, RLIN) | |
| Topical term or geographic name as entry element | MANAGEMENT-BUSINESS MANAGEMENT |
| 942 ## - ADDED ENTRY ELEMENTS (KOHA) | |
| Suppress in OPAC | 0 |
| Withdrawn status | Lost status | Source of classification or shelving scheme | Damaged status | Not for loan | Home library | Current library | Shelving location | Date acquired | Total Checkouts | Full call number | Barcode | Date last seen | Copy number | Price effective from | Koha item type |
|---|---|---|---|---|---|---|---|---|---|---|---|---|---|---|---|
| Dewey Decimal Classification | London | London | News article | 29/05/2002 | WB3820-07 | 118203-1001 | 06/08/2019 | 1 | 06/08/2019 | News article |